Top 10 Origin Countries of Tourists to France - Statistics

General Stats
  • This quiz has been taken 386 times
  • The average score is 8 of 10
Answer Stats
Visitors Country % Correct
12.3 mil United Kingdom
99%
4.1 mil United States
98%
30.1 mil Germany
97%
9.3 mil Italy
97%
5.9 mil Spain
97%
9.5 mil Belgium
90%
5.5 mil Netherlands
85%
7.4 mil Switzerland
80%
1.6 mil Turkey
56%
2.3 mil Algeria
48%
No matching quizzes found
Score Distribution
Percent of People with Each Score
Percentile by Number Answered
Your Score History
You have not taken this quiz